| 000 | 00656nam a2200193 i 4500 | ||
|---|---|---|---|
| 001 | bg | ||
| 245 | 1 | 0 |
_aDom dostępny 2000 : _b120 projektów domów jednorodzinnych : 40 kroków z "Muratorem" do własnego domu / _coprac. red. Małgorzata Wilamowska, Teresa Jędrzejewska. |
| 260 |
_aWarszawa : _b"Murator", _c1999. |
||
| 300 |
_a242 s. : _brys. ; _c30 cm. |
||
| 650 | 9 |
_aBudownictwo jednorodzinne _xprojekty |
|
| 655 | _aKatalogi | ||
| 700 | 1 |
_aWILAMOWSKA, Małgorzata. _eOprac. |
|
| 700 | 1 |
_aJĘDRZEJEWSKA, Teresa. _eOprac. |
|
| 040 | _cBPK | ||
| 041 | 0 | _apl | |
| 080 | _a69::728.3(085.2) | ||
| 942 | _cKS | ||
| 008 | s pl f |000 0 pol | ||
| 999 |
_c35930 _d35930 |
||
| 856 |
_uhttp://koha.tu.koszalin.pl/cgi-bin/koha/opac-detail.pl?biblionumber=35930 _yKatalog online BPK |
||